| 000 | 00683nam a22001937i 4500 | ||
|---|---|---|---|
| 999 |
_c23235 _d23235 |
||
| 003 | AR-CdUCM | ||
| 008 | 250303b20212021 pe||||| |||| 00| 0 spa d | ||
| 040 |
_aMUNICIPALIDAD PROVINCIAL DEL CUSCO _cBIBLIOTECA MUNICIPAL DEL CUSCO |
||
| 041 | _hspa | ||
| 082 |
_aPI / 590 / K49 _bK49 |
||
| 100 |
_aAcuña V., Deysi _951070 |
||
| 245 |
_aAtlas de los animales : _bDescubre el maravilloso mundo de los animales / |
||
| 260 |
_aLima : _bEdiciones "Khristell" _c2021 |
||
| 300 |
_a15 páginas. : _c41x29 cm. |
||
| 505 | _aAtlas de los animales -- Maravilloso mundo de los animales | ||
| 650 |
_aanimales en peligro de extinción _951071 |
||
| 942 |
_2ddc _cLIBROS |
||
| 945 |
_apbjr _d3-03-2025 |
||